00932 a2200181 45000010006000000050017000060080041000230030015000640400040000790800026001192450065001452640031002103000024002415050437002650410008007021000022007107000018007325433920260407155815.0260407a1977 arg spa dAR-UNSa-BCEJYS aAR-UNSa-BCEJYSbspacAR-UNSa-BCEJYS a330.43xEconometría10aAnálise de regressãopUma introdução à econometria 1aSan Pablo :bHUCITECc1977 axvi, 339 p.c21 cm. a1. Introdução e conceitos estatisticos básicos – 2. Regressão linear simple – 3. Correlação – 4. Regressão linear multipla – 5. Uso de variaveis binãrias – 6. Heterocedastica – 7. Minimos quadrados generalizados e autocorrelação nos residuos – 8. Erros nas variãveis independientes e variãveis defasadas – 9. Equaçoes simultãneas – 10. Regressão assintotica – 11. Outros tópicos.  aspa1 aHoffmann, Rodolfo1 aVieira, Sonia